Statystyki dla Rzeki w Rzeczypospolitej Obojga Narodów - Quiz na mapie

Kliknij tutaj aby rozwiązać quiz!

Ogólne statystyki

  • Ten quiz został rozwiązany 93 razy
  • Średni wynik to 8 z 20

Odpowiedzi na mapie

Odpowiedzi skodowane kolorowo w zielono-czerwonej skali na mapie do tego quizu, zgodnie z poniższymi procentami.
 

Statystyki odpowiedzi

Odpowiedź% Poprawnych
Wisła
90%
Warta
84%
Bug
81%
Dniepr
80%
Niemen
79%
Dniestr
69%
Dźwina
63%
Prypeć
59%
Wilia
35%
Boh
32%
Berezyna
28%
Cisa
28%
Prut
22%
Sejm
17%
Styr
16%
Desna
15%
Horyń
15%
Ingulec
14%
Soż
11%
Pseł
10%

Rozkład punktacji

Percentyl według liczby udzielonych odpowiedzi

Procent ludzi z każdym wynikiem

Twoja historia wyników

Nie rozwiązałeś tego quizu